000 02166cam a22003857a 4500
001 17022872
003 USPCAS-E
005 20180118181411.0
008 111027s2010 gw a b 001 0 eng
010 _a 2011499451
015 _aGBA9B6749
_2bnb
016 7 _a015433981
_2Uk
020 _a9783527409419 (hbk.)
020 _a3527409416 (hbk.)
035 _a(OCoLC)ocn473477047
040 _aUKM
_cUKM
_dYDXCP
_dC#P
_dBWX
_dCDX
_dOKU
_dBTCTA
_dHEBIS
_dOHX
_dUWO
_dUKMGB
_dDLC
042 _alccopycat
050 0 0 _aQB791.3
_b.W36 2010
082 0 4 _a523.01
_222
_bWAN-D 2010
100 1 _aWang, Yun,
_d1964-
245 1 0 _aDark energy /
_cYun Wang.
260 _aWeinheim :
_bWiley-VCH,
_cc2010.
300 _axii, 244 p. :
_bill. ;
_c25 cm.
502 _a0
504 _aIncludes bibliographical references (p. 229-237) and index.
505 0 _aThe dark energy problem -- The basic theoretical framework -- Models to explain cosmic acceleration -- Observational method I : type Ia supernovae as dark energy probe -- Observational method II : galaxy redshift surveys as dark energy probe -- Observational method III : weak lensing as dark energy probe -- Observational method IV : clusters as dark energy probe -- Other observational methods for probing dark energy -- Basic instrumentation for dark energy experiments -- Future prospects for probing dark energy.
520 1 _a"Dark energy research aims to illuminate the mystery of the observed cosmic acceleration, one of the fundamental problems in physics and astronomy today. This book presents a systematic and detailed review of the current state of dark energy research, with the focus on the examination of the major observational techniques for probing dark energy. It can be used as a textbook to train students and others who wish to enter this extremely active field in cosmology."-- p. 4 of cover.
650 0 _aDark energy (Astronomy)
650 0 7 _aWeltall.
_2swd
650 0 7 _aExpansion.
_2swd
650 0 7 _aDunkle Energie.
_2swd
906 _a7
_bcbc
_ccopycat
_d2
_encip
_f20
_gy-gencatlg
942 _2ddc
_cBK
999 _c355731
_d355731